000 00827nas a2200253 4500
001 BR7701277
003 BR-BrBNA
005 20231205083120.0
007 ta
008 230509b bl.|||p| |||| 00| 00por d
040 _aBR-BrBNA
_bpor
_cBiblioteca Nacional de Agricultura
041 _a(Pt)
072 _aF22
100 1 _aKaminski, J.
100 1 _aBohnen, H.
245 1 _aMetodos para indicacao da quantidade de corretivos da acidez em solos do Rio Grande do Sul [Brasil]
650 _aCORRETIVO
650 _aANALISE DO SOLO
650 _aACIDEZ DO SOLO
650 _aRIO GRANDE DO SUL
773 0 _tRevista da Faculdade de Agronomia da Universidade Federal do Rio Grande do Sul (Brazil)
_xISSN 0100-0942
_g(1976), v. 1(2) p. 85-97
_wBR7701277
909 _a202311
_bLúcia
_c55
_dLúcia Elande
942 _2AGRIS
_n0
_cANA
999 _c96517
_d96517